Matemática 3; aula taller /

Guardado en:
Autor Principal: Cortés, Graciela D. de
Formato: Libro
Publicado: Buenos Aires : Stella, 1993
Edición:2a. ed.
Materias:
Etiquetas: Agregar Etiqueta
Sin Etiquetas, Sea el primero en etiquetar este registro!
LEADER 00739nam a22002415a 4500
001 CEM.cems016287
005 20100301163536.0
008 130507s1993##################000#0#####d
003 CEMS
020 |a 9505251793 
082 0 4 |a 510 
100 1 |a Cortés, Graciela D. de 
245 1 0 |a Matemática 3; aula taller /  |c Graciela D. de Cortés, 
250 |a 2a. ed. 
260 |a Buenos Aires :  |b Stella,  |c 1993 
300 |a 318 p. 
653 |a Ecuaciones-1er. grado 
653 |a Funciones trigonometricas 
653 |a Inecuaciones 
653 |a Producto escalar 
653 |a Teorema de thales 
859 |a CEMS  |b BIB. CEMS - Agricultura  |h 510  |i C818a2  |p A17854.94  |t Ej.1  |v 3  |3 3 
859 |a CEMS  |b BIB. CEMS - 11 de abril  |h 510  |i C818-1/III  |p 17505.94  |t Ej.1